I'm frankie sterne

Na minha lista:
Detalhes bibliográficos
Autor principal: Dave Margoshes
Formato: Livro
Idioma:Undetermined
Publicado em: Canada Newest Press 2000
Assuntos:
Tags: Adicionar Tag
Sem tags, seja o primeiro a adicionar uma tag!
Thư viện lưu trữ: Trung tâm Học liệu Trường Đại học Cần Thơ
LEADER 00416nam a2200157Ia 4500
001 CTU_56117
008 210402s9999 xx 000 0 und d
082 |a 813.54 
082 |b M211 
100 |a Dave Margoshes 
245 0 |a I'm frankie sterne 
260 |a Canada 
260 |b Newest Press 
260 |c 2000 
650 |a Literature Canandian ( English ) 
980 |a Trung tâm Học liệu Trường Đại học Cần Thơ